000 01036nam a2200265 i 4500
001 171062
003 ES-MaACL
005 20250823063125.0
007 t|
008 090424q19271930sp ||||1| spa d
080 _a821.134.2-22"16"
080 _a821.134.2-23"16"
100 1 _aVélez de Guevara, Luis,
_d1579-1644
_9113833
245 1 0 _aReinar después de morir ;
_bLa luna de la sierra /
_cLuis Vélez de Guevara ; prólogo y notas de Ángel Valbuena Prat.
260 _aMadrid :
_bCompañía Ibero-Americana de Publicaciones,
_c[entre 1927-1930]
300 _a264 p. ;
_c19 cm.
490 1 _aLas cien mejores obras de la literatura española ;
_v77
490 1 _aTeatro escogido ;
_v1
700 1 _aValbuena Prat, Ángel,
_d1900-1977
_9112459
740 3 2 _aLa luna de la sierra.
830 1 _aLas cien mejores obras de la literatura española ;
_v77
_9181993
830 1 _aTeatro escogido ;
_v1
_9223130
852 4 _aES-MaACL
_jE-12604
_z- Biblioteca Jacinto Martínez Lacalle
999 _c171062
_d171062